Bharatiya arthaniti : (Record no. 1096)

MARC details
000 -LEADER
fixed length control field 00502cam a2200193ua 4500
001 - CONTROL NUMBER
control field 1186
005 - DATE AND TIME OF LATEST TRANSACTION
control field 20260515113309.0
008 - FIXED-LENGTH DATA ELEMENTS--GENERAL INFORMATION
fixed length control field 110613n ii |||gr||||Z||||||asm
040 ## - CATALOGING SOURCE
Transcribing agency MAIN
082 ## - DEWEY DECIMAL CLASSIFICATION NUMBER
Classification number 330.954
245 10 - TITLE STATEMENT
Title Bharatiya arthaniti :
Remainder of title eyar paribardhit rup /
Statement of responsibility, etc. by Pranab Kumar Dhar
250 ## - EDITION STATEMENT
Edition statement 1st ed.
260 ## - PUBLICATION, DISTRIBUTION, ETC.
Place of publication, distribution, etc. Ludhiana:
Name of publisher, distributor, etc. Kalyani,994.
300 ## - PHYSICAL DESCRIPTION
Extent xx, 535p.:
Dimensions 25cm.
653 ## - INDEX TERM--UNCONTROLLED
Uncontrolled term Economics
653 ## - INDEX TERM--UNCONTROLLED
Uncontrolled term Indian economy
700 1# - ADDED ENTRY--PERSONAL NAME
Personal name Dhar, Pranab Kumar,
Relator term Author.
942 ## - ADDED ENTRY ELEMENTS (KOHA)
Koha item type Books
Holdings
Withdrawn status Lost status Damaged status Not for loan Home library Current library Shelving location Date acquired Total checkouts Full call number Barcode Date last seen Copy number Price effective from Koha item type
        Naharkatiya College Library Naharkatiya College Library General stacks 09/19/2020   330.954 | DHA 2704 09/19/2020 1 09/19/2020 Books